International finance : a business perspective (Record no. 217865)

MARC details
000 -LEADER
fixed length control field 00535nam a2200181Ia 4500
008 - FIXED-LENGTH DATA ELEMENTS--GENERAL INFORMATION
fixed length control field 191130s2010##################000#0#eng##
020 ## - INTERNATIONAL STANDARD BOOK NUMBER
ISBN 9780070077904
082 ## - DEWEY DECIMAL CLASSIFICATION NUMBER
Classification number 332.042 APT
100 ## - MAIN ENTRY--AUTHOR NAME
Personal name Apte, Prakash G
245 ## - TITLE STATEMENT
Title International finance : a business perspective
Statement of responsibility, etc Prakash G Apte
260 ## - PUBLICATION, DISTRIBUTION, ETC. (IMPRINT)
Place of publication New Delhi
Name of publisher Tata McGraw Hill Education Private Limited
Year of publication 2010
300 ## - PHYSICAL DESCRIPTION
Number of Pages xii, 365 p. ; 27 cm
650 ## - SUBJECT ADDED ENTRY--TOPICAL TERM
Topical Term Finance
991 ## -
-- 405577
Holdings
Withdrawn status Lost status Damaged status Not for loan Home library Current library Shelving location Date acquired Full call number Accession Number Price effective from Koha item type
        Anna Centenary Library Anna Centenary Library 4TH FLOOR, A WING 13.10.2020 332.042 APT 255100 13.10.2020 English Books

Find us on the map